U.S. Cities Over 100,000 - D - Statistics

General Stats
  • This quiz has been taken 189 times
  • The average score is 6 of 9
Answer Stats
Pop. City % Correct
1,223,229 Dallas
100%
619,968 Denver
94%
706,585 Detroit
93%
142,148 Dayton
70%
206,599 Des Moines
61%
233,252 Durham
56%
117,187 Denton
43%
100,802 Davenport
39%
102,362 Daly City
25%
No matching quizzes found
Score Distribution
Percent of People with Each Score
Percentile by Number Answered
Your Score History
You have not taken this quiz